Megalopolises : a first definition
Saved in:
| Main Author: | |
|---|---|
| Format: | Book |
| Language: | English |
| Published: |
Athens :
Athens Technological Organization (ATO),
1967
|
| Series: | ACE publication series. Research report ;
; 2 |
| Subjects: | |
| Tags: |
Add Tag
No Tags, Be the first to tag this record!
|
MARC
| LEADER | 00000nam a2200000 i 4500 | ||
|---|---|---|---|
| 001 | 1/104521 | ||
| 008 | 950602s1967 eng d | ||
| 035 | |l 10013290 | ||
| 040 | |a GR-MY-UA |b gre |e aacr | ||
| 041 | 0 | |a eng | |
| 082 | 0 | |a 307.76 | |
| 100 | 1 | |a Παπαϊωάννου, Γ. | |
| 245 | 1 | 0 | |a Megalopolises : |b a first definition / |c J. G. Papaioannou |
| 260 | |a Athens : |b Athens Technological Organization (ATO), |c 1967 | ||
| 300 | |a vii, 44 p. |b Fig., tables | ||
| 490 | 1 | |a ACE publication series. Research report |v ; 2 | |
| 650 | 0 | 0 | |a Cities and towns. |
| 650 | 0 | 0 | |a Metropolitan areas. |
| 650 | 0 | 0 | |a City planning. |
| 830 | 0 | |a ACE publication series. Research report ; |v ; 2 | |
| 852 | |a INST |b LESVOS |e 19950602 |h 307.76 ΠΑΠ |p 005100000340 |q 005100000340 |t BK |y 0 | ||
| 909 | |a Λ |b 015743 | ||
| 922 | |a 1ΕΛΛΗ |b 199001 | ||
| 970 | |z 2000/06/ΟΙΚΟΝΟΜΟΠΟΥΛΟΥ ΧΡΙΣΤΙΝΑ | ||